| 000 | 00927nam a22002777a 4500 | ||
|---|---|---|---|
| 003 | DO-SdBNP | ||
| 005 | 20240708154739.0 | ||
| 007 | ta | ||
| 008 | 240708b1987 sp ||||| |||| 00| 0 spa d | ||
| 020 | _a8472233588 | ||
| 040 |
_aDO-SdBNP _bspa _cBNPHU _erda |
||
| 082 | 4 | _222 | |
| 100 |
_aCumming, Anne, _d1917- _969891 _eautora |
||
| 245 | 1 | 3 |
_aEl hábito del amor : _bconfesiones sexuales de una mujer mayor / _cAnne Cumming ; traducción, Antonio Prometeo Moya |
| 264 |
_aBarcelona : _bTusquets, _c1987. |
||
| 300 |
_a385 páginas _c20 cm. |
||
| 336 |
_2rdacontent _atexto _btxt |
||
| 337 |
_2rdamedia _asin mediación _bn |
||
| 338 |
_2rdacarrier _avolumen _bnc |
||
| 490 | _aLa sontisa vertical | ||
| 500 | _aIncluye datos biográficos de la autora en la solapa de la contracubiert | ||
| 590 | _aInventariado, 2024/BT | ||
| 700 |
_aPrometeo Moya, Antonio, _etraductor _911431 |
||
| 910 | _aBtavárez | ||
| 942 |
_2ddc _cLBS1 |
||
| 999 |
_c57221 _d57221 |
||